Most Capped Players - Statistics

General Stats
  • This quiz has been taken 11 times
  • The average score is 14 of 18
Answer Stats
Player Caps Country % Correct
Gianluigi Buffon 165 Italy
100%
Iker Casillas 167 Spain
100%
Cafu 142 Brazil
91%
Lilian Thuram 142 France
91%
Lothar Matthäus 150 Germany
91%
Giorgos Karagounis 139 Greece
91%
Cristiano Ronaldo 135 Portugal
91%
Robbie Keane 146 Republic of Ireland
91%
Anders Svensson 148 Sweden
91%
Ahmed Hassan 184 Egypt
82%
Yasuhito Endō 152 Japan
82%
Javier Zanetti 143 Argentina
73%
Rigobert Song 137 Cameroon
73%
Jari Litmanen 137 Finland
73%
Cobi Jones 164 United States
73%
Claudio Suárez 177 Mexico
64%
Iván Hurtado 168 Ecuador
45%
Martin Reim 157 Estonia
18%
No matching quizzes found
Score Distribution
Percent of People with Each Score
Percentile by Number Answered
Your Score History
You have not taken this quiz